[Event "XII Torneo Leonardo di Bona Nazionale"]
[Site "Cutro ITA"]
[Date "2006.04.30"]
[Round "8"]
[White "Luvera', Filippo"]
[Black "Catapano, Francesco"]
[Result "1/2-1/2"]
[WhiteElo "1832"]
[BlackElo "1784"]
[PlyCount "118"]
[EventDate "2006.04.23"]

1.e4 e6 2.d4 b6 3.Be3 Bb7 4.Bd3 Nf6 5.Nd2 d6 6.Ngf3 Be7 7.h3 Nbd7 8.c4 O-O
9.O-O e5 10.d5 Rc8 11.Rc1 c6 12.b4 cxd5 13.cxd5 Rc7 14.Qe2 Qb8 15.Rxc7 
Qxc7 16.Nc4 Rc8 17.Rc1 Qb8 18.Rc2 Rc7 19.Na3 Rxc2 20.Qxc2 Qc8 21.Qxc8+ 
Bxc8 22.g3 a6 23.Kg2 Bb7 24.Nc4 b5 25.Na5 Nxd5 26.Nxb7 Nxb4 27.Bb1 f6 28.
Nh4 g6 29.f4 Nc6 30.f5 Kg7 31.g4 Nc5 32.Nxc5 dxc5 33.Nf3 c4 34.Kf2 g5 35.
Ke2 Kf7 36.Kd2 Ke8 37.Kc2 Kd7 38.Kb2 Kc7 39.a3 Kb7 40.Ba2 Kc7 41.a4 Kb7 
42.axb5 axb5 43.Nd2 Nd4 44.Nxc4 bxc4 45.Bxc4 Nc6 46.Bd5 Kc7 47.Kb3 Nd8 48.
Kc4 Nc6 49.Kb5 Nd8 50.Bc5 Bd6 51.Bxd6+ Kxd6 52.Kb6 Kd7 53.Kc5 Kc7 54.Bg8 
h6 55.Kd5 Kd7 56.Kc5 Nb7+ 57.Kd5 Nd8 58.Kc4 Kd6 59.Bd5 Nc6 1/2-1/2

[Event "XII Torneo Leonardo di Bona Nazionale"]
[Site "Cutro ITA"]
[Date "2006.04.30"]
[Round "8"]
[White "Olivo, Gaetano"]
[Black "Macri', Pasquale"]
[Result "1-0"]
[WhiteElo "1637"]
[BlackElo "1374"]
[PlyCount "35"]
[EventDate "2006.04.23"]

1.e4 e5 2.Nf3 Nc6 3.Bc4 h6 4.c3 Nf6 5.O-O Nxe4 6.Re1 d5 7.Bb3 Nc5 8.Nxe5 
Nxb3 9.Nxc6+ Be6 10.Nxd8 Nxa1 11.Nxe6 fxe6 12.Rxe6+ Kd7 13.Re1 Bd6 14.d4 
Rae8 15.Rxe8 Rxe8 16.Be3 Nc2 17.Qxc2 Bf4 18.Qf5+ 1-0

[Event "XII Torneo Leonardo di Bona Nazionale"]
[Site "Cutro ITA"]
[Date "2006.04.30"]
[Round "8"]
[White "Olivo, Ilaria"]
[Black "Paragliola, Gennaro"]
[Result "1-0"]
[WhiteElo "1392"]
[BlackElo "1529"]
[PlyCount "59"]
[EventDate "2006.04.23"]

1.e4 d6 2.d4 g6 3.Nc3 Bg7 4.Be3 Nf6 5.f4 O-O 6.Nf3 Re8 7.Bd3 Bg4 8.O-O e5 
9.fxe5 dxe5 10.d5 Nbd7 11.h3 Bxf3 12.Qxf3 a6 13.g4 Rf8 14.h4 h6 15.Rf2 Nh7
16.Rh2 Bf6 17.Bxh6 Re8 18.Rf1 Qe7 19.Bc4 Qc5+ 20.Kh1 Qxc4 21.g5 Qb4 22.
gxf6 Qd6 23.Bg5 Nb6 24.Qg3 Qb4 25.h5 Qc4 26.Rhf2 Nd7 27.hxg6 Nxg5 28.Qxg5 
Rf8 29.gxf7+ Kxf7 30.Qg7+ 1-0

[Event "XII Torneo Leonardo di Bona Nazionale"]
[Site "Cutro ITA"]
[Date "2006.04.30"]
[Round "8"]
[White "Piccoli, Vincenzo"]
[Black "De Rasis, Giovanni"]
[Result "1/2-1/2"]
[WhiteElo "1667"]
[BlackElo "1476"]
[PlyCount "83"]
[EventDate "2006.04.23"]

1.d4 d5 2.c4 Nf6 3.cxd5 g6 4.Nc3 Nxd5 5.e4 Nxc3 6.bxc3 Bg7 7.Bc4 c5 8.Ne2 
O-O 9.O-O cxd4 10.cxd4 Nc6 11.Be3 b6 12.Rc1 Bb7 13.Bd5 Na5 14.Bxb7 Nxb7 
15.Qd2 Nd6 16.f3 Rc8 17.Rxc8 Qxc8 18.Rc1 Qa6 19.Rc7 Rc8 20.Rxc8+ Nxc8 21.
e5 e6 22.Nc3 Ne7 23.Bg5 Nd5 24.Ne4 Qa3 25.Qc1 Qxc1+ 26.Bxc1 Bf8 27.Nd6 
Bxd6 28.exd6 Kf8 29.Ba3 Ke8 30.Kf2 b5 31.Bc5 a5 32.Ke2 Kd7 33.Kd2 Kc6 34.
g3 Nf6 35.a3 Ne8 36.d7 Kxd7 37.Bb6 a4 38.Bc5 Nf6 39.Kd3 Kc6 40.Kc3 Nd5+ 
41.Kd3 f5 42.Bf8 1/2-1/2

[Event "XII Torneo Leonardo di Bona Nazionale"]
[Site "Cutro ITA"]
[Date "2006.04.30"]
[Round "8"]
[White "Rizzuti, Pasquale"]
[Black "Zavaglia, Giuseppe"]
[Result "1-0"]
[WhiteElo "1847"]
[BlackElo "1808"]
[PlyCount "115"]
[EventDate "2006.04.23"]

1.g3 Nf6 2.Bg2 e6 3.b3 Be7 4.Bb2 O-O 5.c4 c6 6.Nf3 d5 7.O-O Nbd7 8.d4 b6 
9.Nc3 Ba6 10.Nd2 Rc8 11.Re1 Re8 12.Rc1 Nf8 13.e4 Nxe4 14.Ndxe4 dxe4 15.
Nxe4 Nd7 16.c5 Nf6 17.Nxf6+ Bxf6 18.cxb6 Qxb6 19.Qg4 Red8 20.Rc5 Qb4 21.
Bc3 Qb7 22.h4 Bd3 23.Qf3 Bxd4 24.Bxd4 Rxd4 25.Rxc6 Rxc6 26.Qxc6 Qxc6 27.
Bxc6 Bc2 28.Rc1 Rd1+ 29.Rxd1 Bxd1 30.b4 Kf8 31.Kf1 Ke7 32.Ke1 Bc2 33.Kd2 
Bf5 34.Ke3 Bh3 35.a4 Kd6 36.Bf3 e5 37.a5 Bd7 38.Be2 Bc6 39.g4 h6 40.g5 
hxg5 41.hxg5 f5 42.f4 exf4+ 43.Kxf4 Be4 44.Bc4 Bc2 45.Bf7 Be4 46.Bg6 Ke6 
47.b5 Bd3 48.b6 axb6 49.axb6 Be4 50.Bxf5+ Bxf5 51.b7 g6 52.b8=Q Ke7 53.Ke5
Kf7 54.Qc7+ Kf8 55.Kf6 Bd7 56.Qd8+ Be8 57.Qe7+ Kg8 58.Qg7# 1-0

[Event "XII Torneo Leonardo di Bona Nazionale"]
[Site "Cutro ITA"]
[Date "2006.04.30"]
[Round "8"]
[White "Salvo, Vincenzo"]
[Black "Levato, Biagio"]
[Result "1-0"]
[WhiteElo "1721"]
[BlackElo "1510"]
[PlyCount "57"]
[EventDate "2006.04.23"]

1.e4 c5 2.Nf3 Nc6 3.d4 cxd4 4.Nxd4 e6 5.Nc3 a6 6.Be2 Qc7 7.O-O Nf6 8.Be3 
Bb4 9.Na4 O-O 10.Nxc6 bxc6 11.Nb6 Rb8 12.Nxc8 Rfxc8 13.Bxa6 Rd8 14.Qd4 d5 
15.e5 Ne4 16.f3 c5 17.Qd1 Qxe5 18.fxe4 Qxb2 19.exd5 exd5 20.Qc1 Qe5 21.Bf4
Qd4+ 22.Kh1 Ra8 23.Be3 Qc3 24.Bd3 Ra3 25.Rf3 Re8 26.Bg1 Re1 27.Qxe1 Qxe1 
28.Rxe1 Bxe1 29.Bxh7+ 1-0

[Event "XII Torneo Leonardo di Bona Nazionale"]
[Site "Cutro ITA"]
[Date "2006.04.30"]
[Round "8"]
[White "Spagnolo, Vincenzo"]
[Black "Soluri, Francesco"]
[Result "0-1"]
[WhiteElo "1401"]
[BlackElo "1473"]
[PlyCount "110"]
[EventDate "2006.04.23"]

1.e4 c6 2.Bc4 e6 3.Nf3 d5 4.Bd3 dxe4 5.Bxe4 Nf6 6.Nc3 Bb4 7.Bd3 O-O 8.O-O 
Nbd7 9.a3 Bd6 10.Re1 Re8 11.Ne4 Nxe4 12.Bxe4 Nf6 13.d3 Qc7 14.g3 e5 15.b4 
Nxe4 16.dxe4 Bg4 17.Qd3 Rad8 18.Qe3 b6 19.Rb1 b5 20.Rb3 Be6 21.Rd3 Bc4 22.
Rd2 f6 23.Red1 Rd7 24.Bb2 Red8 25.Bc3 a6 26.Ne1 c5 27.Nd3 Bxd3 28.Rxd3 
cxb4 29.axb4 Be7 30.Rxd7 Rxd7 31.Rxd7 Qxd7 32.Qd2 Qxd2 33.Bxd2 Kf7 34.f4 
exf4 35.gxf4 Ke6 36.c3 g6 37.Kf2 h5 38.h4 f5 39.exf5+ Kxf5 40.Kg3 Ke4 41.
Be1 Bf6 42.Bf2 Kd3 43.Bd4 Bxd4 44.cxd4 Kxd4 45.Kf2 Kc4 46.Ke1 Kxb4 47.Kd2 
Kb3 48.Kc1 b4 49.Kb1 a5 50.Ka1 a4 51.Kb1 a3 52.Ka1 Kc2 53.Ka2 b3+ 54.Kxa3 
b2 55.Ka2 b1=Q+ 0-1

[Event "XII Torneo Leonardo di Bona Nazionale"]
[Site "Cutro ITA"]
[Date "2006.05.01"]
[Round "9"]
[White "Catapano, Francesco"]
[Black "Zavaglia, Giuseppe"]
[Result "0-1"]
[WhiteElo "1784"]
[BlackElo "1808"]
[PlyCount "76"]
[EventDate "2006.04.23"]

1.e4 c5 2.Nc3 d6 3.f4 a6 4.a4 Nf6 5.Bc4 e6 6.d3 Be7 7.Nf3 Nc6 8.O-O O-O 9.
Qe1 Nd7 10.Qg3 Bf6 11.Bd2 Re8 12.f5 Nde5 13.Nxe5 Bxe5 14.Qg4 Bd4+ 15.Kh1 
Ne5 16.Qg3 Nxc4 17.dxc4 Kh8 18.Bf4 Qb6 19.Ne2 e5 20.f6 gxf6 21.Bh6 Rg8 22.
Qh4 Qd8 23.c3 Rg4 24.Qe1 Rxe4 25.cxd4 Bg4 26.Rf2 exd4 27.Rf4 Rxe2 28.Qh4 
Be6 29.Rxf6 Qg8 30.Bg5 Re5 31.Bf4 Re4 32.Qf2 Qg4 33.Bxd6 Rg8 34.Bg3 Re2 
35.Qf4 Qxf4 36.Rxf4 Rxb2 37.Raf1 Rg6 38.h3 Rxg3 0-1

[Event "XII Torneo Leonardo di Bona Nazionale"]
[Site "Cutro ITA"]
[Date "2006.05.01"]
[Round "9"]
[White "Cultrera, Salvatore"]
[Black "Calomeni, Gianpaolo"]
[Result "1-0"]
[WhiteElo "1685"]
[BlackElo "1440"]
[PlyCount "45"]
[EventDate "2006.04.23"]

1.e4 e5 2.Nf3 Nc6 3.Bb5 Nge7 4.d4 a6 5.Ba4 b5 6.Bb3 exd4 7.Nxd4 Nxd4 8.
Qxd4 c5 9.Qxc5 Ng6 10.Qf5 Qe7 11.Bd5 Rb8 12.Bf4 Nxf4 13.Qxf4 g5 14.Qxb8 
Qd8 15.Qe5+ Qe7 16.Qxh8 d6 17.O-O Kd8 18.a4 b4 19.c3 a5 20.cxb4 axb4 21.
Qd4 f6 22.Qxb4 Ke8 23.Rc1 1-0

[Event "XII Torneo Leonardo di Bona Nazionale"]
[Site "Cutro ITA"]
[Date "2006.05.01"]
[Round "9"]
[White "De Marco, Francesco"]
[Black "Frontera, Giuseppe"]
[Result "0-1"]
[WhiteElo "1881"]
[BlackElo "1883"]
[PlyCount "76"]
[EventDate "2006.04.23"]

1.e4 c5 2.Nf3 d6 3.d4 cxd4 4.Nxd4 Nf6 5.Nc3 a6 6.Be2 e6 7.O-O Be7 8.Be3 
Qc7 9.f4 Nc6 10.Qe1 Nxd4 11.Bxd4 O-O 12.Qg3 b5 13.e5 Ne8 14.Ne4 Kh8 15.Bd3
f5 16.exd6 Bxd6 17.Qh3 Bxf4 18.g3 Be5 19.Be3 Nf6 20.Nxf6 Rxf6 21.c3 Rg6 
22.Kf2 Bb7 23.Rad1 Bd6 24.Qh4 Rg4 25.Qh5 Qc6 26.Ke2 Bc5 27.Rxf5 exf5 28.
Qxf5 Qg2+ 29.Ke1 Qh1+ 30.Kd2 Bxe3+ 31.Kxe3 Re8+ 32.Kd2 Qxh2+ 33.Kc1 Rxg3 
34.Qf7 Bc6 35.Be4 Qh6+ 36.Kb1 Bxe4+ 37.Ka1 Qe6 38.Qc7 Rg2 0-1

[Event "XII Torneo Leonardo di Bona Nazionale"]
[Site "Cutro ITA"]
[Date "2006.05.01"]
[Round "9"]
[White "De Rasis, Giovanni"]
[Black "Mercurio, Rosario"]
[Result "1-0"]
[WhiteElo "1476"]
[BlackElo "1333"]
[PlyCount "43"]
[EventDate "2006.04.23"]

1.d4 Nf6 2.c4 c5 3.d5 b5 4.cxb5 a6 5.Nc3 Qa5 6.Bd2 axb5 7.Ne4 b4 8.Nxf6+ 
exf6 9.Qc2 d6 10.Nf3 Ba6 11.g3 g6 12.Bg2 Nd7 13.O-O f5 14.Rfe1 Bg7 15.e4 
Bc8 16.exf5+ Ne5 17.Nxe5 Bxf5 18.Nxg6+ Kd8 19.Qxf5 fxg6 20.Bg5+ Kc7 21.
Re7+ Kb6 22.Qd7 1-0

[Event "XII Torneo Leonardo di Bona Nazionale"]
[Site "Cutro ITA"]
[Date "2006.05.01"]
[Round "9"]
[White "Ielapi, Vito"]
[Black "Luvera', Filippo"]
[Result "0-1"]
[WhiteElo "1953"]
[BlackElo "1832"]
[PlyCount "102"]
[EventDate "2006.04.23"]

1.e4 c5 2.Nf3 Nc6 3.d4 cxd4 4.Nxd4 Nf6 5.Nc3 e5 6.Nb3 Bb4 7.Bd3 Bxc3+ 8.
bxc3 d5 9.exd5 Qxd5 10.f3 Be6 11.c4 Qd8 12.Ba3 Na5 13.Qe2 Nxb3 14.axb3 
Qa5+ 15.Kf2 Nd7 16.c5 Nxc5 17.Bb5+ Nd7 18.Qxe5 Qb6+ 19.Kg3 O-O-O 20.Qe2 h5
21.h3 h4+ 22.Kh2 Nf6 23.Rhd1 Nd5 24.Qc4+ Nc7 25.Qc3 Qxb5 26.Bd6 Qc6 27.Qb4
Nd5 28.Qa3 Qxd6+ 29.Qxd6 Rxd6 30.c4 Kc7 31.cxd5 Rxd5 32.Rdc1+ Kb8 33.Ra4 
g5 34.f4 b5 35.Rb4 a5 36.Re4 Rhd8 37.fxg5 Rd4 38.Re5 R8d5 39.Rc5 Rxe5 40.
Rxe5 Rd5 41.Re4 Rxg5 42.Rxh4 Bxb3 43.Re4 a4 44.h4 Rc5 45.Rb4 Bc4 46.g4 a3 
47.Rb1 a2 48.Ra1 b4 49.h5 b3 50.h6 b2 51.Re1 b1=Q 0-1

[Event "XII Torneo Leonardo di Bona Nazionale"]
[Site "Cutro ITA"]
[Date "2006.05.01"]
[Round "9"]
[White "Levato, Biagio"]
[Black "Paragliola, Gennaro"]
[Result "1-0"]
[WhiteElo "1510"]
[BlackElo "1529"]
[PlyCount "75"]
[EventDate "2006.04.23"]

1.Nf3 Nf6 2.g3 g6 3.Bg2 Bg7 4.O-O O-O 5.d3 d5 6.Nbd2 c5 7.e4 dxe4 8.dxe4 
Nc6 9.a4 e5 10.c3 Be6 11.Qc2 Qc7 12.Re1 Rad8 13.Nf1 h6 14.Bd2 Nh7 15.Ne3 
Ne7 16.Bf1 Kh8 17.Nc4 Bg4 18.Bg2 f6 19.Ne3 Be6 20.c4 b6 21.Rac1 Rd7 22.Nd5
Qb7 23.Nh4 Rfd8 24.Rcd1 Nc6 25.Nxg6+ Kg8 26.f4 Bg4 27.Rc1 Nd4 28.Qd3 Bh5 
29.Nh4 Nf8 30.Bh3 Rf7 31.f5 Kh7 32.g4 Bxg4 33.Bxg4 Nd7 34.Bh5 Rff8 35.Qg3 
Rg8 36.Kh1 Nf8 37.Rg1 Ne2 38.Bxe2 1-0

[Event "XII Torneo Leonardo di Bona Nazionale"]
[Site "Cutro ITA"]
[Date "2006.05.01"]
[Round "9"]
[White "Olivo, Paolo"]
[Black "Piccoli, Vincenzo"]
[Result "0-1"]
[WhiteElo "1628"]
[BlackElo "1667"]
[PlyCount "64"]
[EventDate "2006.04.23"]

1.e4 c6 2.d4 d5 3.Nc3 dxe4 4.Nxe4 Bf5 5.Ng3 Bg6 6.h4 h6 7.Nf3 Nd7 8.h5 Bh7
9.Bd3 Bxd3 10.Qxd3 e6 11.Bf4 Ngf6 12.O-O-O Qa5 13.Kb1 O-O-O 14.Ne4 Nxh5 
15.Bd2 Qf5 16.Nh4 Qh7 17.Ba5 b6 18.Bd2 Nhf6 19.f3 Nxe4 20.fxe4 Kb7 21.Nf3 
Be7 22.Bf4 Nc5 23.Qe2 Qxe4 24.Qxe4 Nxe4 25.Rhe1 Nd6 26.Ne5 Bg5 27.Bh2 Rhf8
28.Rd3 Nf5 29.Nf3 Bf6 30.Bg1 Nh4 31.a4 Nxg2 32.b4 Nxe1 0-1

[Event "XII Torneo Leonardo di Bona Nazionale"]
[Site "Cutro ITA"]
[Date "2006.05.01"]
[Round "9"]
[White "Policastrese, Salvatore"]
[Black "Ielapi, Gianbattista"]
[Result "0-1"]
[WhiteElo "1440"]
[BlackElo "1629"]
[PlyCount "64"]
[EventDate "2006.04.23"]

1.e4 c5 2.Nf3 d6 3.d4 cxd4 4.Nxd4 Nf6 5.Nc3 g6 6.Bg5 Bg7 7.Qd2 O-O 8.O-O-O
Nc6 9.Nf3 Qb6 10.Bd3 Nb4 11.Bh6 Nxd3+ 12.cxd3 Bxh6 13.Qxh6 Ng4 14.Qf4 Nxf2
15.Rhf1 Nxd1 16.Rxd1 Bd7 17.Kb1 e6 18.Qh6 f6 19.h4 Rf7 20.g4 Qf2 21.Nd4 
Qxd4 22.Kc2 Rc8 23.Rf1 Qe5 24.g5 Ba4+ 25.Kb1 Rxc3 26.bxc3 Qxc3 27.Rc1 
Qxd3+ 28.Ka1 Qd4+ 29.Kb1 Bc6 30.a3 fxg5 31.Qxg5 Bxe4+ 32.Ka2 Rf2+ 0-1

[Event "XII Torneo Leonardo di Bona Nazionale"]
[Site "Cutro ITA"]
[Date "2006.05.01"]
[Round "9"]
[White "Rizzuti, Pasquale"]
[Black "Salvo, Vincenzo"]
[Result "1-0"]
[WhiteElo "1847"]
[BlackElo "1721"]
[PlyCount "65"]
[EventDate "2006.04.23"]

1.g3 e5 2.Bg2 d5 3.b3 Nc6 4.Bb2 Nf6 5.e3 Bg4 6.f3 Be6 7.Ne2 Bd6 8.Nbc3 Qe7
9.O-O a6 10.f4 e4 11.f5 Bd7 12.Nf4 Bxf4 13.Rxf4 O-O-O 14.Qf1 Qd6 15.a4 h6 
16.Ba3 Qe5 17.b4 Na7 18.b5 a5 19.Bc5 b6 20.Bd4 Qd6 21.d3 exd3 22.cxd3 Rhg8
23.Qf3 Be8 24.Bxf6 Qxf6 25.Rc1 Qe5 26.Rd4 c5 27.Rxd5 Rxd5 28.Nxd5 Qd6 29.
d4 Kd8 30.dxc5 bxc5 31.Rd1 Qb8 32.f6 Bd7 33.fxg7 1-0

[Event "XII Torneo Leonardo di Bona Nazionale"]
[Site "Cutro ITA"]
[Date "2006.05.01"]
[Round "9"]
[White "Soluri, Francesco"]
[Black "Macri', Pasquale"]
[Result "1-0"]
[WhiteElo "1473"]
[BlackElo "1374"]
[PlyCount "121"]
[EventDate "2006.04.23"]

1.d4 Nf6 2.g3 d5 3.Bg2 e6 4.Bg5 c5 5.c3 h6 6.Bxf6 Qxf6 7.Nf3 cxd4 8.Qxd4 
Qxd4 9.cxd4 Bb4+ 10.Nc3 Nc6 11.e3 O-O 12.O-O Bxc3 13.bxc3 Re8 14.Ne5 Nxe5 
15.dxe5 b6 16.Rfd1 Ba6 17.e4 dxe4 18.Bxe4 Rac8 19.Rd7 f5 20.Bb7 Bxb7 21.
Rxb7 Ra8 22.Rd1 Red8 23.Rdd7 Rxd7 24.Rxd7 Kf8 25.f4 a6 26.Kf2 Re8 27.Ke3 
Re7 28.Rd6 Rc7 29.Kd3 Ke7 30.Rxb6 Rd7+ 31.Rd6 Rxd6+ 32.exd6+ Kxd6 33.Kd4 
g5 34.c4 gxf4 35.gxf4 e5+ 36.fxe5+ Ke6 37.c5 f4 38.c6 f3 39.c7 Kd7 40.Ke3 
Kxc7 41.Kxf3 Kd7 42.Kg4 Ke6 43.Kf4 Kf7 44.Kf5 a5 45.a4 Ke7 46.e6 Kd6 47.
Kf6 h5 48.h4 Kd5 49.e7 Ke4 50.e8=Q+ Kf4 51.Qxh5 Kg3 52.Qg5+ Kf3 53.h5 Kf2 
54.Qxa5 Kf3 55.h6 Kg4 56.h7 Kg3 57.h8=Q Kg2 58.Qg8+ Kf3 59.Qe5 Kf2 60.
Qgg3+ Kf1 61.Qee1# 1-0

[Event "XV Weekend B"]
[Site "Ceriano Laghetto ITA"]
[Date "2006.03.31"]
[Round "1"]
[White "Battaglia, Giuseppe"]
[Black "Cardani, Roberto"]
[Result "0-1"]
[WhiteElo "1673"]
[BlackElo "1854"]
[PlyCount "50"]
[EventDate "2006.03.31"]

1. Nf3 Nf6 2. g3 d5 3. Bg2 c6 4. O-O Bg4 5. d3 Nbd7 6. c4 e5 7. Nc3 d4 8. Nb1
Bd6 9. Nbd2 O-O 10. Rb1 a5 11. a3 a4 12. Ng5 Nc5 13. Nge4 Ncxe4 14. Nxe4 Nxe4
15. Bxe4 f5 16. Bg2 Qe7 17. Re1 Rf7 18. Qc2 f4 19. Bd2 h5 20. Rbc1 h4 21. h3
fxg3 22. fxg3 hxg3 23. c5 Qh4 24. e3 Bxh3 25. Rf1 Bxg2 0-1

[Event "XV Weekend B"]
[Site "Ceriano Laghetto ITA"]
[Date "2006.03.31"]
[Round "1"]
[White "Bettini, Massimo"]
[Black "Pepa, Syrja"]
[Result "1-0"]
[WhiteElo "1916"]
[BlackElo "1718"]
[PlyCount "29"]
[EventDate "2006.03.31"]

1. e4 e5 2. f4 d6 3. Nf3 Nf6 4. Bc4 Bg4 5. fxe5 dxe5 6. Bxf7+ Kxf7 7. Nxe5+ Kg8
8. Nxg4 Nxe4 9. Qf3 Qd5 10. d3 Qa5+ 11. c3 Nd6 12. O-O Nd7 13. Nh6+ gxh6 14.
Qg4+ Bg7 15. Qe6+ 1-0

[Event "XV Weekend B"]
[Site "Ceriano Laghetto ITA"]
[Date "2006.03.31"]
[Round "1"]
[White "Biava, Pierluigi"]
[Black "Oteri, Aldo"]
[Result "1-0"]
[WhiteElo "1679"]
[BlackElo "1858"]
[PlyCount "95"]
[EventDate "2006.03.31"]

1. Nf3 Nf6 2. b3 g6 3. Bb2 Bg7 4. e3 O-O 5. c4 c5 6. Be2 Nc6 7. O-O d6 8. Na3
e5 9. d3 Ne8 10. Qd2 f5 11. Rfd1 g5 12. Nc2 g4 13. Nfe1 f4 14. d4 Qg5 15. dxc5
f3 16. Bf1 dxc5 17. Qd5+ Kh8 18. Qxc5 Be6 19. Nb4 Nf6 20. Nxc6 Ne4 21. Qe7 bxc6
22. Qxg5 Nxg5 23. Rd6 Rac8 24. Nd3 e4 25. Bxg7+ Kxg7 26. Nf4 Kf6 27. c5 Rfe8
28. Rad1 Nf7 29. R6d4 Ke5 30. Nxe6 Rxe6 31. Rd7 Kf6 32. Rxa7 Re7 33. Rdd7 Rxd7
34. Rxd7 Ra8 35. a4 h5 36. gxf3 gxf3 37. Kh1 Ra5 38. Rd4 Rxc5 39. Rxe4 Ng5 40.
Rc4 Rxc4 41. Bxc4 Ke5 42. h4 Nh3 43. Kh2 Nxf2 44. Kg3 Ne4+ 45. Kxf3 c5 46. a5
Nd6 47. a6 Nc8 48. Bf7 1-0

[Event "XV Weekend B"]
[Site "Ceriano Laghetto ITA"]
[Date "2006.03.31"]
[Round "1"]
[White "Colombo, Sandro"]
[Black "Cervini, Gian Piero"]
[Result "1-0"]
[WhiteElo "1733"]
[BlackElo "1955"]
[PlyCount "59"]
[EventDate "2006.03.31"]

1. c4 Nf6 2. Nc3 g6 3. e4 d6 4. d4 Bg7 5. Be2 O-O 6. Bg5 c6 7. Qd2 Nbd7 8. Nf3
Qc7 9. O-O e5 10. Rad1 exd4 11. Nxd4 Nc5 12. f3 Re8 13. b4 Ne6 14. Nxe6 Rxe6
15. Bf4 Ne8 16. c5 Be5 17. Bc4 d5 18. Bxe5 Qxe5 19. exd5 Qe3+ 20. Qxe3 Rxe3 21.
Rfe1 Rxe1+ 22. Rxe1 Nc7 23. Re7 cxd5 24. Nxd5 Ne6 25. Nc7 Nxc7 26. Rxc7 Be6 27.
Bxe6 fxe6 28. Rxb7 a5 29. c6 axb4 30. c7 1-0

[Event "XV Weekend B"]
[Site "Ceriano Laghetto ITA"]
[Date "2006.03.31"]
[Round "1"]
[White "Corti, Filippo"]
[Black "Bonoldi, Fabio"]
[Result "1-0"]
[WhiteElo "1634"]
[BlackElo "1852"]
[PlyCount "89"]
[EventDate "2006.03.31"]

1. Nf3 Nf6 2. g3 d5 3. Bg2 c6 4. d3 g6 5. Nbd2 Bg7 6. O-O O-O 7. c3 Qc7 8. Qc2
e5 9. e4 h6 10. Re1 Re8 11. Nf1 dxe4 12. dxe4 Be6 13. Ne3 Nbd7 14. Nh4 Rad8 15.
b4 b5 16. a4 a6 17. Bb2 Nb6 18. a5 Nc4 19. Nxc4 Bxc4 20. Rad1 Qe7 21. Bc1 Qe6
22. Rxd8 Rxd8 23. Rd1 Rd7 24. Rxd7 Qxd7 25. Be3 Bf8 26. Qd2 Qxd2 27. Bxd2 Bd3
28. f3 c5 29. Bh3 Ne8 30. Bc8 Nc7 31. Kf2 cxb4 32. cxb4 Bc4 33. Ng2 h5 34. Ne3
Be6 35. Bb7 Bd6 36. Nd5 Bxd5 37. exd5 f6 38. Ke3 Kf7 39. Kd3 Ke7 40. Kc3 f5 41.
Be3 Kf6 42. h4 e4 43. f4 Ke7 44. Bb6 Kd7 45. Bxc7 1-0

[Event "XV Weekend B"]
[Site "Ceriano Laghetto ITA"]
[Date "2006.03.31"]
[Round "1"]
[White "De La Pena, Elmer"]
[Black "Cesarano, Marco"]
[Result "0-1"]
[WhiteElo "1853"]
[BlackElo "1653"]
[PlyCount "84"]
[EventDate "2006.03.31"]

1. d4 d5 2. Nf3 Nf6 3. c4 c6 4. Nc3 e6 5. Bg5 h6 6. Bxf6 Qxf6 7. e3 Bd6 8. Qc2
Nd7 9. Bd3 O-O 10. e4 dxe4 11. Nxe4 Bb4+ 12. Kf1 Qe7 13. Qb3 Ba5 14. h4 e5 15.
d5 f5 16. dxc6 bxc6 17. Qa4 fxe4 18. Bxe4 Nc5 19. Qxc6 Bb7 20. Bd5+ Kh8 21. Qb5
Bxd5 22. cxd5 Bb6 23. Qc4 Rf4 24. Qc2 Raf8 25. Re1 e4 26. Re2 Qd6 27. Nd2 Qxd5
28. Nc4 Qd3 29. Kg1 Qxc2 30. Rxc2 Nd3 31. Nxb6 axb6 32. Rh3 Nxf2 33. Rg3 Ng4
34. Rc1 h5 35. Rb3 R8f6 36. Rb5 g6 37. Rd5 Kg7 38. Rd7+ Rf7 39. Rd6 R4f6 40.
Rd8 e3 41. Re8 Rf2 42. g3 e2 0-1

[Event "XV Weekend B"]
[Site "Ceriano Laghetto ITA"]
[Date "2006.03.31"]
[Round "1"]
[White "Gagliani, Stefano"]
[Black "Libutti, Michele"]
[Result "1-0"]
[WhiteElo "1698"]
[BlackElo "1896"]
[PlyCount "67"]
[EventDate "2006.03.31"]

1. d4 Nf6 2. c4 g6 3. Nc3 Bg7 4. Bg5 d6 5. Bxf6 Bxf6 6. e3 O-O 7. Bd3 c5 8.
Nge2 Nc6 9. dxc5 dxc5 10. Be4 Qa5 11. Bxc6 bxc6 12. Qc2 Bf5 13. e4 Be6 14. b3
Bd4 15. Rd1 Rfd8 16. h3 Rd6 17. O-O Rad8 18. Kh1 f5 19. f3 f4 20. Nxf4 Qxc3 21.
Qe2 Bc8 22. Rd3 Qa5 23. e5 Bxe5 24. Qxe5 Rxd3 25. Nxd3 Rxd3 26. Qxe7 Qd8 27.
Qxc5 Qb6 28. Qe7 Qb7 29. Qe8+ Kg7 30. Re1 Rd7 31. Qe5+ Kg8 32. Qf6 h6 33. Re8+
Kh7 34. Qh8# 1-0

[Event "XV Weekend B"]
[Site "Ceriano Laghetto ITA"]
[Date "2006.03.31"]
[Round "1"]
[White "Johansson, Alexander"]
[Black "Mondini, Francesco"]
[Result "1-0"]
[WhiteElo "1850"]
[BlackElo "1628"]
[PlyCount "67"]
[EventDate "2006.03.31"]

1. d4 Nf6 2. Bg5 e6 3. e4 Be7 4. e5 Nd5 5. Bc1 d6 6. c4 Nb6 7. exd6 cxd6 8. Nc3
Nc6 9. Nf3 d5 10. c5 Nd7 11. Bf4 a6 12. Na4 Qa5+ 13. Bd2 Qc7 14. Qb3 Rb8 15.
Rc1 Bf6 16. Qd3 b5 17. cxb6 Nxb6 18. Ba5 Qa7 19. Bxb6 Rxb6 20. Nxb6 Qxb6 21.
Qc3 Bb7 22. Ne5 Bxe5 23. dxe5 O-O 24. Be2 d4 25. Qd2 Nxe5 26. O-O Rd8 27. Bd3
Bxg2 28. Kxg2 Qb7+ 29. f3 Ng4 30. Be4 Ne3+ 31. Qxe3 dxe3 32. Bxb7 Rd2+ 33. Kg3
g5 34. Bxa6 1-0

[Event "XV Weekend B"]
[Site "Ceriano Laghetto ITA"]
[Date "2006.03.31"]
[Round "1"]
[White "Longo, Giovanni"]
[Black "Sartorio, Diego"]
[Result "1/2-1/2"]
[WhiteElo "1724"]
[BlackElo "1924"]
[PlyCount "50"]
[EventDate "2006.03.31"]

1. e4 d6 2. d4 Nf6 3. Nc3 c6 4. Bc4 b5 5. Bd3 e5 6. Nge2 Be7 7. O-O O-O 8. f4
exd4 9. Nxd4 Qb6 10. Be2 b4 11. Na4 Qa5 12. c4 Nxe4 13. b3 Bf6 14. Bb2 Nc5 15.
Nf3 Bxb2 16. Nxb2 Ne4 17. Nd3 Nc3 18. Qd2 Qb6+ 19. Kh1 Nxe2 20. Qxe2 Bf5 21.
Qd2 c5 22. Rfe1 Qc7 23. h3 Nc6 24. g4 Bxd3 25. Qxd3 Rfe8 1/2-1/2

[Event "XV Weekend B"]
[Site "Ceriano Laghetto ITA"]
[Date "2006.03.31"]
[Round "1"]
[White "Marrone, Vincenzo"]
[Black "Primerano, Carlo"]
[Result "1-0"]
[WhiteElo "1865"]
[BlackElo "1688"]
[PlyCount "157"]
[EventDate "2006.03.31"]

1. e4 d5 2. exd5 Qxd5 3. Nc3 Qa5 4. d4 Nf6 5. Nf3 Bf5 6. Bd2 c6 7. Bc4 e6 8.
Nd5 Qd8 9. Nxf6+ Qxf6 10. Qe2 Nd7 11. h3 Be7 12. O-O-O Qg6 13. Bb3 Be4 14. Rhe1
Bxf3 15. Qxf3 Nb6 16. Re4 O-O-O 17. Rg4 Qf6 18. Rf4 Qg6 19. Rxf7 Rhf8 20. Rxf8
Rxf8 21. Qe2 Nd5 22. g3 Qf5 23. g4 Qf6 24. Bxd5 exd5 25. g5 Qf7 26. f4 Bd6 27.
Qg4+ Kc7 28. Rf1 Re8 29. c3 Re4 30. h4 g6 31. Kc2 b6 32. Kd3 c5 33. dxc5 bxc5
34. b3 Qe8 35. Qf3 Qe6 36. f5 Qxf5 37. Qxf5 gxf5 38. Rxf5 Rxh4 39. Rxd5 Kd7 40.
c4 Ke6 41. Kc2 Rh2 42. Kd3 Rh4 43. Ke2 Rh3 44. Rd3 Rh2+ 45. Kd1 Rh1+ 46. Kc2
Rh2 47. Kb1 Be5 48. Bc3 Bxc3 49. Rxc3 Kf5 50. Rd3 Ke4 51. Rd5 a6 52. Rxc5 Kd3
53. Rd5+ Kc3 54. Rd1 Rg2 55. c5 Rxg5 56. c6 Rg8 57. Rc1+ Kb4 58. Rh1 Rg7 59.
Kb2 Kb5 60. Rh6 a5 61. Ka3 Rc7 62. Rh5+ Kxc6 63. Rxa5 Kb6 64. Rh5 Ra7+ 65. Kb2
Kc6 66. b4 Rg7 67. Kb3 Ra7 68. a4 Rg7 69. b5+ Kb7 70. Kb4 Rg4+ 71. Ka5 Rg7 72.
Rh6 Rf7 73. Rh5 Rg7 74. b6 Rf7 75. Kb5 Rg7 76. a5 h6 77. a6+ Kb8 78. Rxh6 Rg5+
79. Kc6 1-0

[Event "XV Weekend B"]
[Site "Ceriano Laghetto ITA"]
[Date "2006.03.31"]
[Round "1"]
[White "Nardone, Massimo"]
[Black "Paniga, Danilo"]
[Result "0-1"]
[WhiteElo "1910"]
[BlackElo "1716"]
[PlyCount "74"]
[EventDate "2006.03.31"]

1. c4 Nf6 2. Nf3 g6 3. g3 Bg7 4. Bg2 d6 5. Nc3 O-O 6. O-O Nc6 7. d4 Bf5 8. Nh4
Bd7 9. e4 e5 10. d5 Na5 11. Qd3 b6 12. f4 exf4 13. Bxf4 Nh5 14. Be3 Qc8 15. Bd4
Bh3 16. Bxg7 Bxg2 17. Kxg2 Nxg7 18. Nb5 a6 19. Nd4 c5 20. Ndf3 Qc7 21. Rae1 f6
22. b3 Nb7 23. g4 Rae8 24. g5 Qe7 25. Qd2 Nd8 26. gxf6 Qxf6 27. e5 dxe5 28. Ng5
Qd6 29. Ne4 Qe7 30. Qh6 Nf7 31. Rxf7 Rxf7 32. Ng5 Nf5 33. Nxf5 Rxf5 34. Ne6 Qf6
35. Re2 Rxe6 36. dxe6 Rg5+ 37. Qxg5 Qxg5+ 0-1